| 000 | 00382nam a22001457a 4500 | ||
|---|---|---|---|
| 020 | _a978-0-241-42691-3 | ||
| 082 |
_a823 _bMUR/W |
||
| 100 | _aMURPHY, JILL | ||
| 245 | _aTHE WORST WITCH :SAVE THE DAY | ||
| 246 |
_aTHE WORST WITCH :SAVE THE DAY _bTHE WORST WITCH :SAVE THE DAY |
||
| 260 |
_aU K _bPUFFIN _c2016 |
||
| 300 | _a172 | ||
| 650 | _aENGLISH ADVENTURE STORY | ||
| 942 | _cBK | ||
| 999 |
_c8986 _d8986 |
||